[Event "BCF-chT2a 1516 (4NCL)"]
[Site "England"]
[Date "2016.03.19"]
[Round "7.246"]
[White "Varnam, Liam"]
[Black "Wittmann, Jochen"]
[Result "0-1"]
[WhiteElo "2156"]
[BlackElo "2092"]
[PlyCount "66"]
[EventDate "2015.11.14"]
[EventType "team-tourn"]
[EventRounds "7"]
[EventCountry "ENG"]
[SourceTitle "EXT 2017"]
[Source "ChessBase"]
[SourceDate "2016.10.25"]
[SourceVersion "1"]
[SourceVersionDate "2016.10.25"]
[SourceQuality "1"]
[WhiteTeam "Grantham Sharks II"]
[BlackTeam "Kings Head"]
[WhiteTeamCountry "ENG"]
[BlackTeamCountry "ENG"]

1. e4 e5 2. Nf3 Nc6 3. Bb5 f5 4. d3 fxe4 5. dxe4 Nf6 6. Qe2 Bc5 7. Bg5 Nd4 8. Nxd4 Bxd4 9. c3 Bb6 10. f4 Qe7 11. fxe5 Qxe5 12. Bxf6 gxf6 13. Nd2 0-0 14. Nf3 Qf4 15. g3 Qh6 16. Nd4 d5 17. exd5 Bh3 18. Ne6 Rfe8 19. Bxe8 Rxe8 20. b4 c6 21. c4 cxd5 22. cxd5 Bxe6 23. dxe6 f5 24. Kf1 Rxe6 25. Qxe6+ Qxe6 26. Kg2 Qe2+ 27. Kh3 f4 28. Rhf1 f3 29. Rac1 Bf2 30. Ra1 Qe6+ 31. Kh4 Bd4 32. Rae1 Bf6+ 33. Kh5 Qf5+ 0-1

[Event "BCF-chT2a 1516 (4NCL)"]
[Site "England"]
[Date "2016.01.24"]
[Round "4.236"]
[White "Wittmann, Jochen"]
[Black "Wilks, Simon"]
[Result "1/2-1/2"]
[WhiteElo "2108"]
[BlackElo "2027"]
[PlyCount "29"]
[EventDate "2015.11.14"]
[EventType "team-tourn"]
[EventRounds "7"]
[EventCountry "ENG"]
[SourceTitle "CBM 170 Extra"]
[Source "ChessBase"]
[SourceDate "2016.02.25"]
[SourceVersion "1"]
[SourceVersionDate "2016.02.25"]
[SourceQuality "1"]
[WhiteTeam "Kings Head"]
[BlackTeam "Celtic Tigers"]
[WhiteTeamCountry "ENG"]
[BlackTeamCountry "ENG"]

1. f4 d5 2. Nf3 g6 3. g3 Bg7 4. Bg2 Nf6 5. 0-0 0-0 6. c3 c6 7. d3 Nbd7 8. Qc2 Qb6+ 9. Kh1 Ng4 10. h3 Ne3 11. Bxe3 Qxe3 12. Qd2 Qxd2 13. Nbxd2 e5 14. fxe5 Nxe5 15. Kh2 1/2-1/2

[Event "BCF-chT3 1314 (4NCL)"]
[Site "England"]
[Date "2014.03.22"]
[Round "7.67"]
[White "Agnew, Alan"]
[Black "Wittmann, Jochen"]
[Result "1/2-1/2"]
[WhiteElo "2081"]
[BlackElo "2123"]
[PlyCount "140"]
[EventDate "2013.11.16"]
[EventType "team-swiss"]
[EventRounds "11"]
[EventCountry "ENG"]
[SourceTitle "EXT 2015"]
[Source "ChessBase"]
[SourceDate "2014.11.20"]
[SourceVersion "1"]
[SourceVersionDate "2014.11.20"]
[SourceQuality "1"]
[WhiteTeam "Fermented Sharks"]
[BlackTeam "Kings Head II"]
[WhiteTeamCountry "ENG"]
[BlackTeamCountry "ENG"]

1. e4 e5 2. Nf3 Nc6 3. Bc4 Nf6 4. d3 h6 5. c3 d6 6. Nbd2 g6 7. 0-0 Bg7 8. d4 0-0 9. dxe5 dxe5 10. b4 Qe7 11. a4 Rd8 12. Ba3 Qe8 13. Qc2 Be6 14. Bb5 Nh5 15. Nc4 Bg4 16. Bxc6 bxc6 17. Ne1 Be6 18. Na5 f5 19. Nd3 Nf6 20. Nc5 f4 21. f3 Bf7 22. Rfd1 g5 23. Rxd8 Rxd8 24. Rd1 Rxd1+ 25. Qxd1 Bf8 26. Ncb7 g4 27. Nd8 gxf3 28. gxf3 Bh5 29. Naxc6 Qg6+ 30. Kf1 Kh7 31. Ne6 Qf7 32. Nxf8+ Qxf8 33. Qd3 Qc8 34. Nxe5 Qe8 35. Qb5 c6 36. Qb7+ Kh8 37. Qc7 Bxf3 38. Nf7+ Kg7 39. Nd6+ Qd7 40. Qxd7+ Nxd7 41. Bc1 Bd1 42. Bxf4 Bxa4 43. e5 Bb3 44. c4 Nf8 45. Kf2 Ne6 46. Ke3 Nd8 47. Kd4 Ne6+ 48. Ke4 Bc2+ 49. Ke3 h5 50. h4 a6 51. Bg5 Bb3 52. Bf6+ Kf8 53. Nf5 Bxc4 54. Ng3 Bb5 55. Nxh5 c5 56. bxc5 Nxc5 57. Kd4 Ne6+ 58. Kd5 Kf7 59. Ng3 Nc7+ 60. Kc5 Ne6+ 61. Kd6 Bd3 62. Bg5 a5 63. Bc1 a4 64. Bb2 Ng7 65. Kd5 Bc2 66. h5 Bb3+ 67. Kd6 Ne6 68. Ne4 Kg7 69. Nf6 Nf4 70. Ng4 Ne6 1/2-1/2

[Event "BCF-chT2c 1213 (4NCL) Promotion pool"]
[Site "England"]
[Date "2013.05.05"]
[Round "10.28"]
[White "Wittmann, Jochen"]
[Black "Mangione, Claudio"]
[Result "1/2-1/2"]
[WhiteElo "2176"]
[BlackElo "2098"]
[PlyCount "109"]
[EventDate "2012.11.13"]
[EventType "team-tourn"]
[EventRounds "4"]
[EventCountry "ENG"]
[SourceTitle "EXT 2014"]
[Source "ChessBase"]
[SourceDate "2013.11.20"]
[SourceVersion "1"]
[SourceVersionDate "2013.11.20"]
[SourceQuality "1"]
[WhiteTeam "Kings Head"]
[BlackTeam "Grantham Pandora's Box"]
[WhiteTeamCountry "ENG"]
[BlackTeamCountry "ENG"]

1. f4 g6 2. Nf3 Bg7 3. g3 d6 4. Bg2 e5 5. d3 exf4 6. gxf4 d5 7. 0-0 Nf6 8. e4 dxe4 9. dxe4 Qxd1 10. Rxd1 Nxe4 11. Re1 f5 12. Nbd2 0-0 13. Nxe4 fxe4 14. Ng5 Na6 15. Bxe4 c6 16. Bd3 Nb4 17. Bc4+ Nd5 18. Re7 Bf6 19. Bxd5+ cxd5 20. Rc7 Bd8 21. Rc3 Bb6+ 22. Kg2 Bf5 23. Bd2 Ba5 24. Rd1 Bxc3 25. Bxc3 Rad8 26. Rd2 Rfe8 27. Nf3 Be4 28. Kf2 Bxf3 29. Kxf3 Kf7 30. Be5 Ke6 31. Bc7 Rd7 32. Be5 Rc8 33. Bd4 b5 34. Re2+ Kf7 35. Rd2 Rc6 36. c3 a6 37. a3 Rc8 38. Be5 Re8 39. Re2 Re6 40. Kf2 Rd8 41. Kf3 Ke7 42. Rd2 Rd7 43. h4 a5 44. Rd4 Rc6 45. a4 Ke6 46. axb5 Rb6 47. c4 dxc4 48. Rxc4 Rxb5 49. Rc6+ Kd5 50. Rc8 Rf7 51. Kg4 Rf5 52. Rc7 h5+ 53. Kf3 Rb3+ 54. Bc3 Rb5 55. Rg7 1/2-1/2

[Event "BCF-chT2b 1213 (4NCL)"]
[Site "England"]
[Date "2013.01.12"]
[Round "3.77"]
[White "Wittmann, Jochen"]
[Black "Reynolds, Mark A"]
[Result "0-1"]
[WhiteElo "2176"]
[BlackElo "1903"]
[PlyCount "52"]
[EventDate "2012.11.03"]
[EventType "team-tourn"]
[EventRounds "7"]
[EventCountry "ENG"]
[SourceTitle "EXT 2014"]
[Source "ChessBase"]
[SourceDate "2013.11.20"]
[SourceVersion "1"]
[SourceVersionDate "2013.11.20"]
[SourceQuality "1"]
[WhiteTeam "Kings Head"]
[BlackTeam "North East England"]
[WhiteTeamCountry "ENG"]
[BlackTeamCountry "ENG"]

1. f4 d5 2. Nf3 Nf6 3. g3 g6 4. Bg2 Bg7 5. 0-0 0-0 6. d3 c5 7. Nc3 d4 8. Na4 Qa5 9. c4 Nbd7 10. Bd2 Qc7 11. Rb1 Rb8 12. b4 b6 13. Ng5 Bb7 14. Bxb7 Rxb7 15. f5 h6 16. Nh3 g5 17. e4 dxe3 18. Bxe3 cxb4 19. Rxb4 Rd8 20. Nf2 Ne5 21. Qe2 Qc6 22. Ne4 Nxd3 23. Nxf6+ Bxf6 24. Rb3 Qxc4 25. Rc1 Qxa4 26. Rxd3 Rbd7 0-1

[Event "BCF-chT2 1011 (4NCL)"]
[Site "England"]
[Date "2011.03.27"]
[Round "8.73"]
[White "Wittmann, Jochen"]
[Black "Robertson, J Stuart"]
[Result "1/2-1/2"]
[WhiteElo "2202"]
[BlackElo "2066"]
[PlyCount "85"]
[EventDate "2010.11.06"]
[EventType "team-swiss"]
[EventRounds "11"]
[EventCountry "ENG"]
[SourceTitle "EXT 2012"]
[Source "ChessBase"]
[SourceDate "2011.11.24"]
[SourceVersion "1"]
[SourceVersionDate "2011.11.24"]
[SourceQuality "1"]
[WhiteTeam "Kings Head"]
[BlackTeam "Cambridge II"]
[WhiteTeamCountry "ENG"]
[BlackTeamCountry "ENG"]

1. f4 d5 2. Nf3 g6 3. g3 Bg7 4. Bg2 c6 5. d3 Qb6 6. c3 Nf6 7. e3 0-0 8. 0-0 Re8 9. Ne5 Nfd7 10. Nxd7 Nxd7 11. d4 Nf6 12. Nd2 Bf5 13. Qe2 Rad8 14. e4 dxe4 15. Kh1 Bg4 16. Qe1 c5 17. dxc5 Qxc5 18. Nxe4 Nxe4 19. Qxe4 b6 20. Be3 Qb5 21. Qc2 e5 22. Rfe1 exf4 23. Bxf4 Qh5 24. Qa4 Rxe1+ 25. Rxe1 Rd7 26. Re8+ Bf8 27. Re5 Rd1+ 28. Qxd1 Bxd1 29. Rxh5 Bxh5 30. Be3 Bd1 31. Kg1 Bd6 32. Kf2 h5 33. Ke1 Bg4 34. a4 h4 35. Kf2 hxg3+ 36. hxg3 Be6 37. a5 bxa5 38. Bxa7 a4 39. Bf1 a3 40. bxa3 Bxa3 41. Ba6 f5 42. c4 Kf8 43. Kf3 1/2-1/2

[Event "BCF-chT2 1011 (4NCL)"]
[Site "England"]
[Date "2011.03.26"]
[Round "7.82"]
[White "Lock, Gavin R"]
[Black "Wittmann, Jochen"]
[Result "1-0"]
[WhiteElo "2192"]
[BlackElo "2202"]
[PlyCount "59"]
[EventDate "2010.11.06"]
[EventType "team-swiss"]
[EventRounds "11"]
[EventCountry "ENG"]
[SourceTitle "EXT 2012"]
[Source "ChessBase"]
[SourceDate "2011.11.24"]
[SourceVersion "1"]
[SourceVersionDate "2011.11.24"]
[SourceQuality "1"]
[WhiteTeam "Wessex"]
[BlackTeam "Kings Head"]
[WhiteTeamCountry "ENG"]
[BlackTeamCountry "ENG"]

1. Nf3 f5 2. g3 Nf6 3. c4 g6 4. Bg2 Bg7 5. 0-0 0-0 6. Nc3 d6 7. d4 Nc6 8. d5 Na5 9. Qd3 c5 10. Bd2 a6 11. Rab1 Bd7 12. b4 cxb4 13. Rxb4 b5 14. cxb5 axb5 15. Nxb5 Nb7 16. Nfd4 Rxa2 17. Nc6 Qa8 18. Nc7 Nc5 19. Qc4 Rxd2 20. Nxa8 Rxa8 21. Rb8+ Rxb8 22. Nxb8 Ba4 23. Rc1 Nfe4 24. Bxe4 fxe4 25. Na6 Rd4 26. Nxc5 Rxc4 27. Rxc4 Bb5 28. Rb4 dxc5 29. Rxb5 c4 30. Kf1 1-0

[Event "BCF-chT2 1011 (4NCL)"]
[Site "England"]
[Date "2011.01.15"]
[Round "3.72"]
[White "Ashton, Adam"]
[Black "Wittmann, Jochen"]
[Result "0-1"]
[WhiteElo "2330"]
[BlackElo "2202"]
[PlyCount "62"]
[EventDate "2010.11.06"]
[EventType "team-swiss"]
[EventRounds "11"]
[EventCountry "ENG"]
[SourceTitle "EXT 2012"]
[Source "ChessBase"]
[SourceDate "2011.11.24"]
[SourceVersion "1"]
[SourceVersionDate "2011.11.24"]
[SourceQuality "1"]
[WhiteTeam "3CS Oldham"]
[BlackTeam "Kings Head"]
[WhiteTeamCountry "ENG"]
[BlackTeamCountry "ENG"]

1. e4 e5 2. Nf3 Nc6 3. Bb5 f5 4. d3 Nf6 5. exf5 Bc5 6. 0-0 0-0 7. Nxe5 Nd4 8. Ba4 d5 9. c3 Nxf5 10. d4 Bd6 11. Nd2 c6 12. Bc2 g5 13. Nb3 h6 14. f4 g4 15. Nxg4 Nxg4 16. Qxg4+ Kh8 17. Qh5 Qf6 18. Bd2 Rg8 19. Bd1 a5 20. Rf2 b6 21. Be2 Bd7 22. Raf1 Rg7 23. Nc1 Rag8 24. Nd3 Nh4 25. f5 Rxg2+ 26. Kh1 Rxf2 27. Rxf2 Qg7 28. Qxh6+ Qxh6 29. Bxh6 Bxf5 30. Rxf5 Nxf5 31. Ne5 Nxh6 0-1

[Event "BCF-chT2 1011 (4NCL)"]
[Site "England"]
[Date "2010.11.07"]
[Round "2.53"]
[White "Anderton, Matthew"]
[Black "Wittmann, Jochen"]
[Result "0-1"]
[WhiteElo "2227"]
[BlackElo "2202"]
[PlyCount "62"]
[EventDate "2010.11.06"]
[EventType "team-swiss"]
[EventRounds "11"]
[EventCountry "ENG"]
[SourceTitle "EXT 2012"]
[Source "ChessBase"]
[SourceDate "2011.11.24"]
[SourceVersion "1"]
[SourceVersionDate "2011.11.24"]
[SourceQuality "1"]
[WhiteTeam "Guildford A&DC II"]
[BlackTeam "Kings Head"]
[WhiteTeamCountry "ENG"]
[BlackTeamCountry "ENG"]

1. e4 e5 2. Nf3 Nc6 3. Bb5 f5 4. Nc3 fxe4 5. Nxe4 d5 6. Nxe5 dxe4 7. Nxc6 Qd5 8. c4 Qd6 9. Nxa7+ Bd7 10. Bxd7+ Qxd7 11. Qh5+ g6 12. Qe5+ Kf7 13. Nb5 c6 14. Qd4 Qe7 15. Qxh8 Nf6 16. Nc3 Rd8 17. 0-0 Bg7 18. Qxd8 Qxd8 19. Re1 Qd3 20. b3 Bh6 21. h3 Bf4 22. a4 Be5 23. Ra2 Bd4 24. a5 g5 25. a6 bxa6 26. Rxa6 g4 27. hxg4 Bxf2+ 28. Kxf2 Nxg4+ 29. Kg1 Qd4+ 30. Kh1 Qf2 31. Rxe4 Qf1# 0-1

[Event "BCF-chT2a 0910 (4NCL)"]
[Site "England"]
[Date "2010.02.20"]
[Round "5.2"]
[White "Wittmann, Jochen"]
[Black "Richmond, Peter A"]
[Result "1/2-1/2"]
[WhiteElo "2266"]
[BlackElo "2247"]
[PlyCount "39"]
[EventDate "2009.10.24"]
[EventType "team-tourn"]
[EventRounds "7"]
[EventCountry "ENG"]
[SourceTitle "EXT 2010"]
[Source "ChessBase"]
[SourceDate "2010.11.25"]
[SourceVersion "1"]
[SourceVersionDate "2010.11.25"]
[SourceQuality "1"]
[WhiteTeam "Kings Head"]
[BlackTeam "Brown Jack"]
[WhiteTeamCountry "ENG"]
[BlackTeamCountry "ENG"]

1. e4 c5 2. Nc3 e6 3. Nge2 Nc6 4. g3 a6 5. Bg2 b5 6. 0-0 Bb7 7. d3 b4 8. Na4 d6 9. Be3 Qc7 10. f4 Nf6 11. h3 Be7 12. Qd2 Qa5 13. b3 d5 14. exd5 Nxd5 15. f5 0-0 16. fxe6 fxe6 17. Nf4 Nxf4 18. Bxf4 Bf6 19. Rae1 Bd4+ 20. Be3 1/2-1/2

[Event "BCF-chT2a 0910 (4NCL)"]
[Site "England"]
[Date "2010.01.16"]
[Round "3.2"]
[White "Frostick, Clive A"]
[Black "Wittmann, Jochen"]
[Result "0-1"]
[WhiteElo "2160"]
[BlackElo "2266"]
[PlyCount "68"]
[EventDate "2009.10.24"]
[EventType "team-tourn"]
[EventRounds "7"]
[EventCountry "ENG"]
[SourceTitle "EXT 2010"]
[Source "ChessBase"]
[SourceDate "2010.11.25"]
[SourceVersion "1"]
[SourceVersionDate "2010.11.25"]
[SourceQuality "1"]
[WhiteTeam "AMCA Dragons"]
[BlackTeam "Kings Head"]
[WhiteTeamCountry "ENG"]
[BlackTeamCountry "ENG"]

1. e4 e5 2. Nf3 Nc6 3. Bb5 f5 4. d3 fxe4 5. dxe4 Nf6 6. 0-0 d6 7. Qd3 Bg4 8. Ne1 Be7 9. c4 0-0 10. f3 Be6 11. Be3 Qe8 12. Nd2 Qh5 13. Ba4 Rf7 14. Bd1 Raf8 15. Rf2 g5 16. g3 g4 17. f4 exf4 18. gxf4 Qh4 19. Ng2 Qh3 20. Nf1 Nh5 21. Qe2 Bh4 22. Rc1 Bxf2+ 23. Qxf2 Ne5 24. Rc3 Nf3+ 25. Bxf3 gxf3 26. Ne1 Nxf4 27. Bxf4 Rxf4 28. Ng3 b6 29. b3 h5 30. Re3 Kh7 31. e5 h4 32. Nf1 Rg8+ 33. Kh1 Rg2 34. Nxg2 fxg2+ 0-1

[Event "BCF-chT2 0708 (4NCL)"]
[Site "Sunningdale"]
[Date "2007.09.15"]
[Round "1"]
[White "Wittmann, Jochen"]
[Black "Gayson, Peter"]
[Result "1/2-1/2"]
[WhiteElo "2165"]
[BlackElo "2232"]
[PlyCount "39"]
[EventDate "2007.09.15"]
[EventType "team-tourn"]
[EventRounds "11"]
[EventCountry "ENG"]
[SourceTitle "CBM 120 Extra"]
[Source "ChessBase"]
[SourceDate "2007.11.01"]
[SourceVersion "1"]
[SourceVersionDate "2007.11.01"]
[SourceQuality "1"]
[WhiteTeam "Kings Head"]
[BlackTeam "White Rose"]
[WhiteTeamCountry "ENG"]
[BlackTeamCountry "ENG"]

1. e4 c5 2. Nc3 e6 3. g3 d5 4. exd5 exd5 5. Bg2 Nf6 6. Nge2 d4 7. Ne4 Be7 8. d3 Nc6 9. 0-0 0-0 10. Re1 Bf5 11. Bg5 Bxe4 12. dxe4 Re8 13. Nf4 Nd7 14. Bxe7 Qxe7 15. Nd5 Qd6 16. f4 Nb6 17. Nxb6 axb6 18. a3 Rad8 19. Qd3 Qe6 20. Qb5 1/2-1/2

[Event "BCF-chT3 0607 (4NCL)"]
[Site "Sunningdale"]
[Date "2007.05.05"]
[Round "9.7"]
[White "Wittmann, Jochen"]
[Black "Ackley, Peter JE"]
[Result "0-1"]
[WhiteElo "2215"]
[BlackElo "2117"]
[PlyCount "82"]
[EventDate "2006.09.16"]
[EventType "team"]
[EventRounds "11"]
[EventCountry "ENG"]
[SourceTitle "EXT 2008"]
[Source "ChessBase"]
[SourceDate "2007.11.25"]
[SourceVersion "1"]
[SourceVersionDate "2007.11.25"]
[SourceQuality "1"]
[WhiteTeam "Kings Head"]
[BlackTeam "Mindsports"]
[WhiteTeamCountry "ENG"]
[BlackTeamCountry "ENG"]

1. f4 d5 2. Nf3 g6 3. g3 Bg7 4. Bg2 c6 5. Nc3 d4 6. Ne4 f5 7. Nf2 Qd6 8. 0-0 Nd7 9. Re1 Ngf6 10. e4 Nxe4 11. Nxe4 fxe4 12. Ng5 Nf6 13. Nxe4 Nxe4 14. Bxe4 Bd7 15. c4 a5 16. d3 0-0 17. Bd2 a4 18. b3 a3 19. b4 e5 20. Rb1 exf4 21. Bxf4 Qf6 22. Qd2 Rae8 23. b5 Bf5 24. Bg2 Bd7 25. bxc6 Bxc6 26. Rf1 Qe6 27. Rbe1 Qg4 28. h3 Qd7 29. Rxe8 Rxe8 30. Re1 h6 31. Rxe8+ Qxe8 32. Bxc6 bxc6 33. Qf2 g5 34. Bd6 Qg6 35. c5 Qxd3 36. Qg2 Qb1+ 37. Qf1 Qxa2 38. Qf5 Qa1+ 39. Kf2 Qb2+ 40. Kf3 Qb3+ 41. Kf2 Qf7 0-1

[Event "BCF-chT3 0607 (4NCL)"]
[Site "Sunningdale"]
[Date "2007.01.13"]
[Round "5.4"]
[White "Edgell, Ben P"]
[Black "Wittmann, Jochen"]
[Result "0-1"]
[WhiteElo "2005"]
[BlackElo "2215"]
[PlyCount "74"]
[EventDate "2006.09.16"]
[EventType "team"]
[EventRounds "11"]
[EventCountry "ENG"]
[SourceTitle "EXT 2008"]
[Source "ChessBase"]
[SourceDate "2007.11.25"]
[SourceVersion "1"]
[SourceVersionDate "2007.11.25"]
[SourceQuality "1"]
[WhiteTeam "Slough Sharks III"]
[BlackTeam "Kings Head"]
[WhiteTeamCountry "ENG"]
[BlackTeamCountry "ENG"]

1. d4 f5 2. Nf3 d6 3. g3 g6 4. Bg2 Bg7 5. 0-0 Nf6 6. c4 0-0 7. Nc3 Nc6 8. b3 h6 9. Bb2 g5 10. d5 Ne5 11. Nd4 f4 12. Qd2 Nh5 13. Ne6 Bxe6 14. dxe6 c6 15. Rad1 Qc8 16. c5 d5 17. Nxd5 cxd5 18. Bxe5 Bxe5 19. Qxd5 Bf6 20. Qxb7 fxg3 21. hxg3 Qxc5 22. Qf3 Ng7 23. Qd3 Rac8 24. Qg6 Qf5 25. Qxh6 Rc2 26. e4 Qxe6 27. e5 Qxe5 28. Bd5+ e6 29. Bc4 Rd8 30. Rxd8+ Bxd8 31. Bd3 Rd2 32. Bh7+ Kf8 33. Qh1 Bb6 34. Qf3+ Nf5 35. g4 Qg3+ 36. Qg2 Qxg2+ 37. Kxg2 Ne3+ 0-1

[Event "BCF-chT3 0506 (4NCL)"]
[Site "Birmingham"]
[Date "2006.04.30"]
[Round "10.6"]
[White "Wittmann, Jochen"]
[Black "Byway, Paul V"]
[Result "1/2-1/2"]
[WhiteElo "2225"]
[BlackElo "2212"]
[PlyCount "35"]
[EventDate "2005.10.22"]
[EventType "team"]
[EventRounds "11"]
[EventCountry "ENG"]
[SourceTitle "EXT 2007"]
[Source "ChessBase"]
[SourceDate "2006.11.23"]
[SourceVersion "1"]
[SourceVersionDate "2006.11.23"]
[SourceQuality "1"]
[WhiteTeam "Kings Head"]
[BlackTeam "Poisoned Pawns"]
[WhiteTeamCountry "ENG"]
[BlackTeamCountry "ENG"]

1. e4 c5 2. Nc3 Nc6 3. g3 g6 4. Bg2 Bg7 5. d3 d6 6. Be3 Rb8 7. Qd2 b5 8. Nge2 Nd4 9. 0-0 b4 10. Nd1 Nxe2+ 11. Qxe2 Nf6 12. f4 Ng4 13. Bd2 f5 14. exf5 gxf5 15. h3 Nf6 16. a3 b3 17. c4 0-0 18. Bc3 1/2-1/2

[Event "BCF-chT3 0506 (4NCL)"]
[Site "Birmingham"]
[Date "2005.11.20"]
[Round "4.5"]
[White "Kafka, Graeme"]
[Black "Wittmann, Jochen"]
[Result "1/2-1/2"]
[WhiteElo "2131"]
[BlackElo "2225"]
[PlyCount "32"]
[EventDate "2005.10.22"]
[EventType "team"]
[EventRounds "11"]
[EventCountry "ENG"]
[SourceTitle "EXT 2007"]
[Source "ChessBase"]
[SourceDate "2006.11.23"]
[SourceVersion "1"]
[SourceVersionDate "2006.11.23"]
[SourceQuality "1"]
[WhiteTeam "Slough Sharks III"]
[BlackTeam "Kings Head"]
[WhiteTeamCountry "ENG"]
[BlackTeamCountry "ENG"]

1. e4 e5 2. Nf3 Nc6 3. Bb5 f5 4. Bxc6 dxc6 5. Nxe5 Qd4 6. Nf3 Qxe4+ 7. Qe2 Qxe2+ 8. Kxe2 Bd6 9. Re1 Ne7 10. d4 0-0 11. Nbd2 f4 12. Nc4 Bg4 13. Nxd6 cxd6 14. Kf1 Ng6 15. Ng5 Rae8 16. Bd2 Bf5 1/2-1/2

[Event "BCF-chT3 0506 (4NCL)"]
[Site "Birmingham"]
[Date "2005.11.19"]
[Round "3.5"]
[White "Wittmann, Jochen"]
[Black "Clark, Ian C"]
[Result "1-0"]
[WhiteElo "2225"]
[BlackElo "2133"]
[PlyCount "51"]
[EventDate "2005.10.22"]
[EventType "team"]
[EventRounds "11"]
[EventCountry "ENG"]
[SourceTitle "EXT 2007"]
[Source "ChessBase"]
[SourceDate "2006.11.23"]
[SourceVersion "1"]
[SourceVersionDate "2006.11.23"]
[SourceQuality "1"]
[WhiteTeam "Kings Head"]
[BlackTeam "Wessex II"]
[WhiteTeamCountry "ENG"]
[BlackTeamCountry "ENG"]

1. e4 c5 2. Nc3 Nc6 3. g3 g6 4. Bg2 Bg7 5. d3 d6 6. Be3 Rb8 7. Qd2 b5 8. f4 b4 9. Nd1 Qc7 10. Nf3 Nf6 11. h3 h5 12. 0-0 0-0 13. f5 gxf5 14. Bh6 Bxh6 15. Qxh6 Nd4 16. Ng5 d5 17. Ne3 Be6 18. exd5 Qxg3 19. Rae1 Bd7 20. d6 Qxd6 21. Nd5 Rfe8 22. Rxe7 Rb6 23. Rfe1 Rxe7 24. Nxe7+ Qxe7 25. Rxe7 f4 26. Rxd7 1-0